| 000 | 00703nam a22002057a 4500 | ||
|---|---|---|---|
| 003 | UA-OsUOA | ||
| 001 | 39302 | ||
| 007 | ta | ||
| 008 | 20080402b un ||||| |||| 00| 0 ukr d | ||
| 090 | _a050 | ||
| 942 | _cMG | ||
| 040 |
_aUA-OsUOA _bukr _cUA-OsUOA _dUA-OsUOA |
||
| 245 |
_aХристиянська правда _b1967: 1. 2, 3, 4, 5; 1968: 1, 2, 3, 4; 1969: 10, 11, 12, 13, 14; 1970: 15, 16, 18; 1971: 19, 20 |
||
| 955 | _a4 | ||
| 041 | _aukr | ||
| 080 | _a050 | ||
| 260 | _aТоронто | ||
| 650 | 7 |
_a050 Серійні публікації. Періодика галузі, Організація та інші типи поєднання (співробітництва) _2UDC |
|
| 999 |
_c437828 _d437828 |
||